000
00271nam a22001097a 4500
008
230626b xxu||||| |||| 00| 0 eng d
082
_a
338
_b
UNDP
245
_a
Kenya Development Cooperation Report 2005
260
_a
Kenya
_b
UNDP
_c
2006
300
_a
IX,77p
942
_2
ddc
_c
BK
999
_c
2671
_d
2671